| 000 | 00610nam a2200181 i 4500 | ||
|---|---|---|---|
| 001 | 137923 | ||
| 003 | ES-MaACL | ||
| 005 | 20250604062631.0 | ||
| 007 | t| | ||
| 008 | 070214s1918 sp r ||||1| spa d | ||
| 100 | 1 |
_aSánchez Domínguez, Bernardino. _9102614 |
|
| 245 | 1 | 0 |
_aVerdades amargas al pueblo español _b: perentorio ideario de un mozo de tren / _cBersandin [seud.]. |
| 260 |
_aMadrid : _b[s. n.], _c1918 ( _fEst. Tip. de Felipe Peña Cruz) |
||
| 300 |
_a80 p. ; _c20 cm. |
||
| 651 | 4 |
_aEspaña- _xHistoria- _y1902-1931, Alfonso XIII _98276 |
|
| 852 |
_aES-MaACL _j1560-F-12 |
||
| 999 |
_c137923 _d137923 |
||